| 000 | 00870nam a22002417a 4500 | ||
|---|---|---|---|
| 003 | dpl | ||
| 005 | 20231213155106.0 | ||
| 008 | 231129b |||||||| |||| 00| 0 eng d | ||
| 010 | _aB-756041-045 | ||
| 020 |
_a9788183821162 _c250.00 |
||
| 035 | _aB-756041-045 | ||
| 037 | _bLotus Press | ||
| 040 | _c0 | ||
| 050 | _a615.53 | ||
| 100 | _4Sharma, Rajeev | ||
| 245 |
_aA Guide to Homoeopathy/ _cRajeev Sharma |
||
| 250 | _a2023 | ||
| 260 |
_aNew Delhi _bLotus Press _c2023 |
||
| 270 |
_a4735/22, Prakash Deep Building Ansari Road, Darya Ganj, _bNew Delhi _e110002 |
||
| 300 |
_a223 Pg. _c22cm(pbk) |
||
| 942 |
_2ddc _cEN _h615.53 _mSHA |
||
| 999 |
_c199297 _d199297 |
||